|
|
|
|
| LEADER |
01278nnm a2200409 i 4500 |
| 001 |
eta906 |
| 005 |
20181128090046.0 |
| 008 |
181120s2012 hu o 0|| hun d |
| 040 |
|
|
|a SZTE Elektronikus Tananyag Archívum
|b hun
|
| 041 |
|
|
|a hun
|
| 100 |
1 |
|
|a Ágoston István
|
| 245 |
1 |
3 |
|a Az ápolástudomány tankönyve
|h [elektronikus dokumentum] /
|c Ágoston István
|
| 260 |
|
|
|c 2012
|
| 300 |
|
|
|a 744
|
| 516 |
|
|
|a Book
|
| 650 |
|
4 |
|a Orvos- és egészségtudomány
|
| 650 |
|
4 |
|a Egészségtudományok
|
| 650 |
|
4 |
|a Köz- és környezetegészségügy
|
| 650 |
|
4 |
|a Közegészségügy
|
| 650 |
|
4 |
|a Egészségügyi ismeretek
|
| 695 |
|
|
|a ápolástan
|
| 700 |
0 |
1 |
|a Oláh András
|
| 700 |
0 |
1 |
|a Almási Róbert
|e aut
|
| 700 |
0 |
1 |
|a Aradán Attiláné
|e aut
|
| 700 |
0 |
1 |
|a Betlehem József
|e aut
|
| 700 |
0 |
1 |
|a Bogner Péter
|e aut
|
| 700 |
0 |
1 |
|a Boncz Imre
|e aut
|
| 700 |
0 |
1 |
|a Borján Eszter
|e aut
|
| 700 |
0 |
1 |
|a Deák Gyuláné
|e aut
|
| 700 |
0 |
1 |
|a Dér Anikó
|e aut
|
| 700 |
0 |
1 |
|a Döbrönte Zoltán
|e aut
|
| 700 |
0 |
1 |
|a Fehér Rózsa
|e aut
|
| 700 |
0 |
1 |
|a Fullér Noémi
|e aut
|
| 700 |
0 |
1 |
|a Fusz Katalin
|e aut
|
| 700 |
0 |
1 |
|a Füzesi Zsuzsanna
|e aut
|
| 700 |
0 |
1 |
|a Gál Nikolett
|e aut
|
| 856 |
4 |
0 |
|u https://eta.bibl.u-szeged.hu/906/1/0061_apolastudomany_magyar.pdf
|z Dokumentum-elérés
|